| 000 | 01358cab a2200277 4500 | ||
|---|---|---|---|
| 001 | ##L133535 | ||
| 008 | 060517n2006 000 0 eng u | ||
| 035 | _a(Sirsi) u133535 | ||
| 041 | 0 | _aeng | |
| 100 | 1 | _aHelps, Dominic | |
| 245 | 0 | 0 | _aConstruction Act review |
| 260 | _c2006 | ||
| 490 | 0 |
_aConstruction Law Journal _v(2006) 22 174-186(13) |
|
| 520 | _aA discussion of the analysis of the DTI consultation on proposals to amend he Housing Grants, Construction and Regeneration Act 1996 Part II and the Scheme for Construction Contracts (England and Wales) Regulations 1988, aimed at improving payment practices in the construction industry. Discusses the payment framework, other payment proposals, and adjudication proposals. | ||
| 590 | _aIKA230506 | ||
| 650 | 2 | 4 | _aHOUSING GRANTS, CONSTRUCTION AND REGENERATION ACT 1996 S110 |
| 650 | 2 | 4 | _aHOUSING GRANTS, CONSTRUCTION AND REGENERATION ACT 1996 S111 |
| 650 | 2 | 4 | _aHOUSING GRANTS, CONSTRUCTION AND REGENERATION ACT 1996 S112 |
| 650 | 2 | 4 | _aHOUSING GRANTS, CONSTRUCTION AND REGENERATION ACT 1996 S107 |
| 650 | 2 | 4 | _aLATHAM REFORMS |
| 650 | 2 | 4 | _aSCHEME FOR CONSTRUCTION CONTRACTS (ENGLAND AND WALES) REGULATIONS 1998 |
| 651 | 4 |
_aEngland and Wales _y1543- |
|
| 690 | _aBUILT ENVIRONMENT-CONSTRUCTION MANAGEMENT-BUILDING CONTRACT ADMINISTRATION | ||
| 700 | 1 | _aSheridan, Peter | |
| 942 | _n0 | ||
| 999 |
_c77071 _d77071 |
||